[Event "Rhein Main op-B 16th"]
[Site "Bad Homburg"]
[Date "2013.06.02"]
[Round "7"]
[White "Hardwick, Alexander M"]
[Black "Bungter, Hans"]
[Result "1-0"]
[WhiteElo "1581"]
[BlackElo "1795"]
[PlyCount "23"]
[EventDate "2013.05.29"]
[EventType "swiss"]
[EventRounds "7"]
[EventCountry "GER"]
[SourceTitle "EXT 2014"]
[Source "ChessBase"]
[SourceDate "2013.11.20"]
[SourceVersion "1"]
[SourceVersionDate "2013.11.20"]
[SourceQuality "1"]

1. d4 Nf6 2. g4 e6 3. g5 Ne4 4. h4 b6 5. Bg2 Bb7 6. Rh3 Nc3 7. Nxc3 Bxg2 8. Rd3 Bb7 9. d5 Qe7 10. d6 cxd6 11. Nb5 Na6 12. Nxd6+ 1-0

[Event "Rhein Main op-B 16th"]
[Site "Bad Homburg"]
[Date "2013.05.29"]
[Round "1"]
[White "Bomert, Tobias"]
[Black "Bungter, Hans"]
[Result "1/2-1/2"]
[WhiteElo "1305"]
[BlackElo "1795"]
[PlyCount "43"]
[EventDate "2013.05.29"]
[EventType "swiss"]
[EventRounds "7"]
[EventCountry "GER"]
[SourceTitle "EXT 2014"]
[Source "ChessBase"]
[SourceDate "2013.11.20"]
[SourceVersion "1"]
[SourceVersionDate "2013.11.20"]
[SourceQuality "1"]

1. d4 f5 2. c4 e6 3. Nf3 Nf6 4. Nc3 Be7 5. e3 d5 6. Be2 c6 7. Ne5 Nbd7 8. 0-0 Qc7 9. f4 0-0 10. cxd5 exd5 11. Bd3 Ne4 12. Bd2 Ndf6 13. Be1 Be6 14. Rc1 Rac8 15. Rf3 Nxc3 16. Rxc3 Ne4 17. Rc2 Qd8 18. b4 a6 19. Rh3 Qe8 20. Be2 Nf6 21. Bh4 Bf7 22. a3 1/2-1/2

[Event "Arber op 1st"]
[Site "Bayerisch Eisenstein"]
[Date "2012.08.26"]
[Round "9"]
[White "Bungter, Hans"]
[Black "Pauer, Franz"]
[Result "0-1"]
[WhiteElo "1553"]
[BlackElo "1506"]
[PlyCount "45"]
[EventDate "2012.08.18"]
[EventType "swiss"]
[EventRounds "9"]
[EventCountry "GER"]
[SourceTitle "CBM 150 Extra"]
[Source "ChessBase"]
[SourceDate "2012.10.19"]
[SourceVersion "1"]
[SourceVersionDate "2012.10.19"]
[SourceQuality "1"]

1. Nf3 d5 2. d4 Nf6 3. e3 Bg4 4. h3 Bf5 5. Bd3 Ne4 6. Nbd2 h6 7. Qe2 e6 8. Nf1 Bd6 9. Bd2 Nd7 10. Bc3 c6 11. Bxe4 Bxe4 12. N1d2 Bxc2 13. b4 Ba4 14. Nb3 b6 15. Qb2 Bb5 16. a4 Ba6 17. Rc1 Qe7 18. Bd2 Bb7 19. Na1 Nf6 20. Ne5 Rc8 21. 0-0 Ne4 22. Nd3 Ba6 23. Qb1 0-1

[Event "Arber op 1st"]
[Site "Bayerisch Eisenstein"]
[Date "2012.08.18"]
[Round "1"]
[White "Bungter, Hans"]
[Black "Grinblat, Artemiy"]
[Result "0-1"]
[WhiteElo "1553"]
[BlackElo "2202"]
[PlyCount "52"]
[EventDate "2012.08.18"]
[EventType "swiss"]
[EventRounds "9"]
[EventCountry "GER"]
[SourceTitle "CBM 150 Extra"]
[Source "ChessBase"]
[SourceDate "2012.10.19"]
[SourceVersion "1"]
[SourceVersionDate "2012.10.19"]
[SourceQuality "1"]

1. Nf3 e6 2. d4 Nf6 3. e3 d5 4. Bd3 c5 5. c3 Nc6 6. 0-0 Bd6 7. Nbd2 0-0 8. Re1 e5 9. dxe5 Nxe5 10. Nxe5 Bxe5 11. Nf1 Qc7 12. Ng3 c4 13. Be2 Be6 14. f4 Bd6 15. Bf3 Rab8 16. Qe2 Rfe8 17. Bd2 Qb6 18. Bc1 Bxf4 19. Kh1 Bd6 20. e4 Bxg3 21. Be3 Qa6 22. exd5 Bxe1 23. dxe6 Rxe6 24. Rxe1 Rbe8 25. Qd2 Qxa2 26. Bxb7 Rxe3 0-1

[Event "Bad Wiessee Seniors op"]
[Site "Bad Wiessee"]
[Date "2012.04.25"]
[Round "5"]
[White "Bungter, Hans"]
[Black "Niedermaier, Peter"]
[Result "0-1"]
[WhiteElo "1602"]
[BlackElo "1685"]
[PlyCount "61"]
[EventDate "2012.04.21"]
[EventType "swiss"]
[EventRounds "9"]
[EventCountry "GER"]
[SourceTitle "EXT 2015"]
[Source "ChessBase"]
[SourceDate "2014.11.20"]
[SourceVersion "1"]
[SourceVersionDate "2014.11.20"]
[SourceQuality "1"]

1. Nf3 Nf6 2. d4 d5 3. c4 g6 4. Nc3 c6 5. c5 Bg7 6. Bd2 0-0 7. Qc1 Re8 8. Bg5 Ne4 9. Bf4 Nxc3 10. Qxc3 Nd7 11. h3 Nf6 12. Nd2 Bd7 13. e3 b6 14. Bd3 Qc8 15. Rc1 Nh5 16. Bh2 b5 17. Be2 Nf6 18. Nf3 Ne4 19. Qc2 Bf5 20. Qd1 f6 21. Nd2 Nxd2 22. Qxd2 e5 23. 0-0 exd4 24. exd4 a5 25. a3 Bxh3 26. gxh3 Qxh3 27. Qd3 Qh4 28. Rce1 f5 29. Bf3 Bxd4 30. b4 Rxe1 31. Bg3 0-1

[Event "Niedersachsen-ch Seniors op 14th"]
[Site "Bad Bevensen"]
[Date "2011.07.12"]
[Round "8"]
[White "Boerner, Joachim"]
[Black "Bungter, Hans"]
[Result "1-0"]
[WhiteElo "1612"]
[BlackElo "1593"]
[PlyCount "43"]
[EventDate "2011.07.05"]
[EventType "swiss"]
[EventRounds "9"]
[EventCountry "GER"]
[SourceTitle "EXT 2012"]
[Source "ChessBase"]
[SourceDate "2011.11.24"]
[SourceVersion "1"]
[SourceVersionDate "2011.11.24"]
[SourceQuality "1"]

1. d4 e6 2. e4 d5 3. Nc3 dxe4 4. f3 exf3 5. Nxf3 Nf6 6. Bg5 Be7 7. Bd3 a6 8. 0-0 0-0 9. Qe1 Nc6 10. Qh4 g6 11. Ne2 Nh5 12. c3 h6 13. Bxe7 Qxe7 14. Qf2 Kg7 15. Rae1 Qd6 16. Nd2 f5 17. Nc4 Qd8 18. Qe3 Ne7 19. Rf3 Nd5 20. Qf2 b5 21. Ne5 Rb8 22. Nc6 1-0

[Event "Niedersachsen-ch Seniors op 14th"]
[Site "Bad Bevensen"]
[Date "2011.07.06"]
[Round "2"]
[White "Juergens, Peter1111"]
[Black "Bungter, Hans"]
[Result "1-0"]
[WhiteElo "1901"]
[BlackElo "1593"]
[PlyCount "41"]
[EventDate "2011.07.05"]
[EventType "swiss"]
[EventRounds "9"]
[EventCountry "GER"]
[SourceTitle "EXT 2012"]
[Source "ChessBase"]
[SourceDate "2011.11.24"]
[SourceVersion "1"]
[SourceVersionDate "2011.11.24"]
[SourceQuality "1"]

1. d4 e6 2. Nf3 f5 3. Bf4 Nf6 4. e3 b6 5. Nbd2 Bb7 6. Bd3 Be7 7. Qe2 d5 8. Ne5 0-0 9. 0-0 Nbd7 10. Rae1 Ne4 11. f3 Nxd2 12. Qxd2 Bf6 13. Nxd7 Qxd7 14. c3 Rae8 15. Qc2 g6 16. e4 e5 17. dxe5 dxe4 18. fxe4 fxe4 19. Bxe4 Bd5 20. Bxd5+ Qxd5 21. exf6 1-0

[Event "Niedersachsen-ch Seniors op 14th"]
[Site "Bad Bevensen"]
[Date "2011.07.05"]
[Round "1"]
[White "Bungter, Hans"]
[Black "Davydov, Mihail"]
[Result "1/2-1/2"]
[WhiteElo "1593"]
[BlackElo "1891"]
[PlyCount "73"]
[EventDate "2011.07.05"]
[EventType "swiss"]
[EventRounds "9"]
[EventCountry "GER"]
[SourceTitle "EXT 2012"]
[Source "ChessBase"]
[SourceDate "2011.11.24"]
[SourceVersion "1"]
[SourceVersionDate "2011.11.24"]
[SourceQuality "1"]

1. Nf3 d5 2. d4 Nf6 3. Bf4 g6 4. Qd2 h6 5. c3 Nbd7 6. Qc2 Bg7 7. Nbd2 c5 8. e3 0-0 9. h3 Re8 10. Be2 Nh7 11. 0-0 Qb6 12. Rfe1 Ndf8 13. Qb3 Qxb3 14. Nxb3 c4 15. Nbd2 g5 16. Bh2 Bf5 17. Bd1 Nf6 18. Ne5 N8d7 19. f3 Nxe5 20. Bxe5 Nd7 21. Bxg7 Kxg7 22. e4 Be6 23. Nf1 b5 24. a3 a5 25. Ne3 Nb6 26. Rf1 Rf8 27. Nf5+ Bxf5 28. exf5 Kf6 29. g4 Rad8 30. f4 Rfe8 31. Bc2 a4 32. Rae1 Rd6 33. Kg2 Rh8 34. Kg3 Nc8 35. Re5 Kg7 36. Rfe1 Kf6 37. Bd1 1/2-1/2

[Event "GER-ch Seniors 22nd"]
[Site "Berlin"]
[Date "2010.08.24"]
[Round "9"]
[White "Buss, Richard"]
[Black "Bungter, Hans"]
[Result "1/2-1/2"]
[WhiteElo "1482"]
[BlackElo "1635"]
[PlyCount "42"]
[EventDate "2010.08.16"]
[EventType "swiss"]
[EventRounds "9"]
[EventCountry "GER"]
[SourceTitle "CBM 138 Extra"]
[Source "ChessBase"]
[SourceDate "2010.10.29"]
[SourceVersion "1"]
[SourceVersionDate "2010.10.29"]
[SourceQuality "1"]

1. e4 c5 2. d4 cxd4 3. Nf3 Nc6 4. c3 d3 5. Bxd3 d6 6. Be3 Nf6 7. h3 Qc7 8. Qc2 Bd7 9. Nbd2 g6 10. 0-0 Bg7 11. Rac1 0-0 12. a3 Rfe8 13. Nh2 d5 14. Ndf3 dxe4 15. Bxe4 Nxe4 16. Qxe4 Bf6 17. Qc4 Rad8 18. Nd4 Bxd4 19. Bxd4 e5 20. Bxe5 Qxe5 21. Rfe1 Qd6 1/2-1/2

[Event "GER-ch Seniors 22nd"]
[Site "Berlin"]
[Date "2010.08.22"]
[Round "7"]
[White "Neumann, Horst"]
[Black "Bungter, Hans"]
[Result "1-0"]
[WhiteElo "1852"]
[BlackElo "1635"]
[PlyCount "129"]
[EventDate "2010.08.16"]
[EventType "swiss"]
[EventRounds "9"]
[EventCountry "GER"]
[SourceTitle "CBM 138 Extra"]
[Source "ChessBase"]
[SourceDate "2010.10.29"]
[SourceVersion "1"]
[SourceVersionDate "2010.10.29"]
[SourceQuality "1"]

1. e4 c5 2. Bc4 e6 3. Nc3 a6 4. a4 Nc6 5. d3 Be7 6. Qg4 Bf6 7. Qg3 d6 8. Bd2 Nge7 9. f4 Ng6 10. 0-0-0 Qc7 11. Nf3 h6 12. Rde1 Bd7 13. f5 Nge5 14. fxe6 fxe6 15. Bb3 0-0-0 16. Ne2 Na5 17. Ba2 Qb6 18. Bc3 Nac6 19. Nf4 Rde8 20. Nh5 Rhg8 21. Nxf6 gxf6 22. Qf2 Qd8 23. Rhf1 Ref8 24. Qd2 h5 25. Bb3 b6 26. Re2 Qe7 27. g3 Qg7 28. Kb1 Nxf3 29. Rxf3 Qg5 30. Qe1 Nd4 31. Bxd4 cxd4 32. Ref2 Kb7 33. Qb4 Qe5 34. Qd2 Rg6 35. Rf4 Bc6 36. Rh4 Rg4 37. Qh6 Qa5 38. Rf1 Rxh4 39. gxh4 Rc8 40. Bxe6 Rc7 41. b3 Qe5 42. Qxf6 Qxh2 43. Rf2 Qg1+ 44. Kb2 Qg3 45. Qf4 Qg1 46. Rf1 Qg2 47. Qf2 Qg7 48. Rg1 Qe5 49. Bh3 Qc5 50. Qd2 Be8 51. Rg8 Qc6 52. Be6 Bf7 53. Bxf7 Rxf7 54. Rg5 Rh7 55. Qb4 Rc7 56. Rg2 Qc5 57. Qxc5 dxc5 58. Rg5 Rh7 59. c3 dxc3+ 60. Kxc3 Rh6 61. b4 cxb4+ 62. Kxb4 Rd6 63. Kc3 Rc6+ 64. Kd4 b5 65. axb5 1-0

[Event "GER-ch Seniors 22nd"]
[Site "Berlin"]
[Date "2010.08.20"]
[Round "5"]
[White "Garbe, Eckhard"]
[Black "Bungter, Hans"]
[Result "0-1"]
[WhiteElo "1439"]
[BlackElo "1635"]
[PlyCount "110"]
[EventDate "2010.08.16"]
[EventType "swiss"]
[EventRounds "9"]
[EventCountry "GER"]
[SourceTitle "CBM 138 Extra"]
[Source "ChessBase"]
[SourceDate "2010.10.29"]
[SourceVersion "1"]
[SourceVersionDate "2010.10.29"]
[SourceQuality "1"]

1. d4 e6 2. c4 f5 3. Nf3 Nf6 4. g3 d5 5. e3 Be7 6. Nc3 c6 7. cxd5 exd5 8. Bg2 0-0 9. 0-0 Nbd7 10. a3 Ne4 11. Qc2 Nb6 12. b3 Bd6 13. Bb2 Qe7 14. Rfe1 Bd7 15. Re2 Rf6 16. Nd2 Raf8 17. f3 Ng5 18. b4 a6 19. Rae1 Qf7 20. Nd1 Rh6 21. Nf1 Qh5 22. f4 Ne4 23. Nc3 Be8 24. Na4 Nxa4 25. Qxa4 c5 26. Qb3 c4 27. Qc2 Qf7 28. Ba1 Rg6 29. Qb2 Bb5 30. Qc1 Rc8 31. Bc3 Qe7 32. Qb2 Be8 33. Bh3 Qf6 34. Bg2 Qf8 35. Bxe4 fxe4 36. Ra1 b5 37. Rf2 Qf5 38. Qc2 Be7 39. Qe2 Bf7 40. Ra2 Qh3 41. Nd2 h5 42. Qf1 Qg4 43. Qe2 Qf5 44. Kf1 h4 45. Ke1 hxg3 46. hxg3 Rxg3 47. Kd1 Qh3 48. Rh2 Bh5 49. Rxh3 Bxe2+ 50. Kxe2 Rxh3 51. Nf1 Rc6 52. Be1 Rg6 53. Kd1 Rg1 54. Rh2 Rxh2 55. Nxh2 Bh4 0-1

[Event "GER-ch Seniors 22nd"]
[Site "Berlin"]
[Date "2010.08.16"]
[Round "1"]
[White "Brauer, Christian E"]
[Black "Bungter, Hans"]
[Result "1-0"]
[WhiteElo "1994"]
[BlackElo "1635"]
[PlyCount "85"]
[EventDate "2010.08.16"]
[EventType "swiss"]
[EventRounds "9"]
[EventCountry "GER"]
[SourceTitle "CBM 138 Extra"]
[Source "ChessBase"]
[SourceDate "2010.10.29"]
[SourceVersion "1"]
[SourceVersionDate "2010.10.29"]
[SourceQuality "1"]

1. d4 d5 2. Bf4 e6 3. e3 Nf6 4. Nd2 Bd6 5. c3 c6 6. Bd3 Qc7 7. Bxd6 Qxd6 8. f4 Nbd7 9. Ngf3 c5 10. Ne5 b6 11. 0-0 0-0 12. g4 g6 13. Rf3 Bb7 14. Rh3 cxd4 15. exd4 Ne4 16. Qe1 Nxe5 17. fxe5 Qe7 18. Nxe4 dxe4 19. Bxe4 Bxe4 20. Qxe4 f5 21. gxf5 exf5 22. Qg2 b5 23. Re1 Rad8 24. Rd3 Rd6 25. Qf2 Re6 26. Qe2 Rd8 27. Qe3 Qb7 28. Rd2 a5 29. b3 Rde8 30. c4 bxc4 31. bxc4 Qb4 32. Qd3 Qe7 33. Rb1 Rd8 34. Qe3 Qc7 35. c5 Rb8 36. Rxb8+ Qxb8 37. Qb3 Qxb3 38. axb3 Kf7 39. Ra2 Re7 40. Rxa5 Ke6 41. c6 g5 42. Rc5 Rc7 43. b4 1-0

[Event "Bayern-ch Seniors 22nd"]
[Site "Bergen"]
[Date "2010.06.20"]
[Round "9"]
[White "Wilfert, Eva Maria"]
[Black "Bungter, Hans"]
[Result "0-1"]
[WhiteElo "1498"]
[BlackElo "1634"]
[PlyCount "92"]
[EventDate "2010.06.12"]
[EventType "swiss"]
[EventRounds "9"]
[EventCountry "GER"]
[SourceTitle "EXT 2011"]
[Source "ChessBase"]
[SourceDate "2010.11.26"]
[SourceVersion "1"]
[SourceVersionDate "2010.11.26"]
[SourceQuality "1"]

1. d4 e6 2. Nf3 f5 3. Nc3 b6 4. g3 Bb7 5. Bg2 Nf6 6. a3 c5 7. 0-0 Na6 8. Nb5 Nc7 9. Nxc7+ Qxc7 10. Bf4 d6 11. dxc5 bxc5 12. Ng5 Bxg2 13. Kxg2 e5 14. Bd2 h6 15. Nf3 Qc6 16. Kg1 Be7 17. Bc3 0-0 18. Nh4 Ne4 19. Ng6 Rf7 20. Nxe7+ Rxe7 21. Be1 Ng5 22. f3 e4 23. h4 Nh7 24. fxe4 fxe4 25. e3 d5 26. c3 Qe6 27. Kh2 Nf6 28. Bd2 Rf7 29. Qe2 Raf8 30. Kg2 c4 31. Rf2 Ng4 32. Rxf7 Rxf7 33. Rf1 Ne5 34. Rxf7 Qxf7 35. Be1 Qf3+ 36. Qxf3 Nxf3 37. Kf2 h5 38. Ke2 Kf7 39. Kd1 Ne5 40. Kc2 Nd3 41. Bd2 Ke6 42. a4 Nc5 43. a5 a6 44. Kb1 Nb3 45. Bc1 Kf5 46. Ka2 Nxc1+ 0-1

[Event "Bayern-ch Seniors 22nd"]
[Site "Bergen"]
[Date "2010.06.12"]
[Round "1"]
[White "Maugg, Ludwig"]
[Black "Bungter, Hans"]
[Result "1-0"]
[WhiteElo "2024"]
[BlackElo "1634"]
[PlyCount "57"]
[EventDate "2010.06.12"]
[EventType "swiss"]
[EventRounds "9"]
[EventCountry "GER"]
[SourceTitle "EXT 2011"]
[Source "ChessBase"]
[SourceDate "2010.11.26"]
[SourceVersion "1"]
[SourceVersionDate "2010.11.26"]
[SourceQuality "1"]

1. d4 e6 2. c4 f5 3. g3 d5 4. Bg2 Nf6 5. Nh3 c6 6. Qc2 Be7 7. 0-0 0-0 8. Nd2 Nbd7 9. Nf3 Ne4 10. Nf4 Nb8 11. Nd3 Bf6 12. Be3 b5 13. cxb5 cxb5 14. Nfe5 Bb7 15. Rfc1 Na6 16. Qb3 Nd6 17. a4 bxa4 18. Qxa4 Qe8 19. Nd7 Rf7 20. Nxf6+ gxf6 21. Qb3 Qb5 22. Qxb5 Nxb5 23. Ra5 Nd6 24. Rca1 Nc7 25. Rxa7 Rxa7 26. Rxa7 Ncb5 27. Ra5 Bc6 28. Ra6 Rc7 29. Bf4 1-0

[Event "Bad Bevensen Seniors op 12th"]
[Site "Bad Bevensen"]
[Date "2009.07.15"]
[Round "9"]
[White "Heimberg, Guenter"]
[Black "Bungter, Hans"]
[Result "1/2-1/2"]
[WhiteElo "1549"]
[BlackElo "1593"]
[PlyCount "87"]
[EventDate "2009.07.07"]
[EventType "swiss"]
[EventRounds "9"]
[EventCountry "GER"]
[SourceTitle "EXT 2022"]
[Source "ChessBase"]
[SourceDate "2021.10.06"]
[SourceVersion "1"]
[SourceVersionDate "2021.10.06"]
[SourceQuality "1"]

1. c4 c5 2. Nc3 Nf6 3. e4 d6 4. g3 Nc6 5. Bg2 a6 6. Nge2 Be6 7. d3 Qc8 8. 0-0 Bh3 9. Bxh3 Qxh3 10. Nf4 Qc8 11. Nfd5 Nd7 12. Ne2 e6 13. Ne3 Nf6 14. Kg2 Be7 15. h3 0-0 16. f4 Rd8 17. Bd2 d5 18. e5 Ne8 19. cxd5 exd5 20. Ng4 f6 21. Rc1 Qd7 22. exf6 Nxf6 23. Nxf6+ Bxf6 24. Bc3 d4 25. Bd2 Qd5+ 26. Kg1 b6 27. b3 Qf5 28. Rf3 Qxh3 29. Be1 Rd5 30. Rf1 Rh5 31. Kf2 Re8 32. Rg1 Ne7 33. g4 Qe3+ 34. Kf1 Qf3+ 35. Bf2 Rh2 36. Qe1 Bh4 37. Ng3 Qxd3+ 38. Qe2 Qxe2+ 39. Kxe2 Nd5+ 40. Kf3 Bxg3 41. Kxg3 Rh6 42. f5 Rf6 43. Rge1 Rxe1 44. Rxe1 1/2-1/2

[Event "Bad Bevensen Seniors op 12th"]
[Site "Bad Bevensen"]
[Date "2009.07.11"]
[Round "5"]
[White "Huhn, Ulrich"]
[Black "Bungter, Hans"]
[Result "1-0"]
[WhiteElo "1876"]
[BlackElo "1593"]
[PlyCount "51"]
[EventDate "2009.07.07"]
[EventType "swiss"]
[EventRounds "9"]
[EventCountry "GER"]
[SourceTitle "EXT 2022"]
[Source "ChessBase"]
[SourceDate "2021.10.06"]
[SourceVersion "1"]
[SourceVersionDate "2021.10.06"]
[SourceQuality "1"]

1. d4 d5 2. Nc3 Nf6 3. Bg5 e6 4. e4 Be7 5. e5 Nfd7 6. Bxe7 Kxe7 7. Qg4 Rg8 8. f4 a6 9. Qh4+ f6 10. Qxh7 Kf7 11. Bd3 Nf8 12. Qh3 Qe7 13. 0-0-0 c5 14. Nxd5 exd5 15. Qxc8 Ne6 16. Bg6+ Kxg6 17. Qxg8 Nxf4 18. exf6 Qxf6 19. Nf3 cxd4 20. Qe8+ Kh7 21. Nxd4 Qg5 22. Kb1 Qxg2 23. Rhf1 Ng6 24. Rg1 Qe4 25. Qc8 Qe7 26. Rg3 1-0

[Event "Niedersachsen-ch Seniors op 11th"]
[Site "Bad Bevensen"]
[Date "2008.07.15"]
[Round "8"]
[White "Packroff, Hermann"]
[Black "Bungter, Hans"]
[Result "1-0"]
[WhiteElo "2028"]
[BlackElo "1638"]
[PlyCount "35"]
[EventDate "2008.07.08"]
[EventType "swiss"]
[EventRounds "9"]
[EventCountry "GER"]
[SourceTitle "EXT 2022"]
[Source "ChessBase"]
[SourceDate "2021.10.06"]
[SourceVersion "1"]
[SourceVersionDate "2021.10.06"]
[SourceQuality "1"]

1. e4 d5 2. exd5 Qxd5 3. Nc3 Qa5 4. d4 c6 5. Bc4 e6 6. Nf3 Nf6 7. Bd2 Qc7 8. Qe2 Be7 9. 0-0-0 b5 10. Bb3 a5 11. a4 b4 12. Ne4 Nxe4 13. Qxe4 Bb7 14. Qg4 Bf6 15. Bf4 h5 16. Qg3 Qd8 17. Bc7 Qe7 18. Bxb8 1-0

[Event "Niedersachsen-ch Seniors op 11th"]
[Site "Bad Bevensen"]
[Date "2008.07.12"]
[Round "5"]
[White "Bungter, Hans"]
[Black "Wuestefeld, Dietfried"]
[Result "1-0"]
[WhiteElo "1638"]
[BlackElo "1704"]
[PlyCount "85"]
[EventDate "2008.07.08"]
[EventType "swiss"]
[EventRounds "9"]
[EventCountry "GER"]
[SourceTitle "EXT 2022"]
[Source "ChessBase"]
[SourceDate "2021.10.06"]
[SourceVersion "1"]
[SourceVersionDate "2021.10.06"]
[SourceQuality "1"]

1. Nf3 d5 2. g3 Nc6 3. d4 Bf5 4. a3 Nf6 5. Bg2 h6 6. 0-0 Qd7 7. Re1 0-0-0 8. b4 g5 9. b5 Na5 10. Ne5 Qe6 11. Nd2 Bg7 12. Bb2 Ne4 13. Nd3 Qb6 14. e3 Qxb5 15. a4 Qd7 16. Nxe4 dxe4 17. Nc5 Qd5 18. Bf1 Nc4 19. Bc3 e5 20. Qe2 Nd6 21. Nb3 exd4 22. Bxd4 Bxd4 23. Nxd4 Bd7 24. c4 Qe5 25. Rec1 c5 26. Nb5 a6 27. Nc3 Be6 28. Qa2 Rd7 29. Nd5 Kb8 30. Rab1 Nxc4 31. Bxc4 Bxd5 32. a5 Rc8 33. Qa4 Bc6 34. Qa3 Ka8 35. Rb6 Rd2 36. Qb3 Qf5 37. Rf1 Qe5 38. Bxa6 Qc7 39. Bc4 f5 40. a6 Ka7 41. Rb1 f4 42. axb7 fxg3 43. Qa3+ 1-0

[Event "Bayern-ch Seniors 19th"]
[Site "Schloss Schney"]
[Date "2007.06.15"]
[Round "4"]
[White "Scheuerlein, Gerhard"]
[Black "Bungter, Hans"]
[Result "1-0"]
[WhiteElo "1627"]
[BlackElo "1637"]
[PlyCount "57"]
[EventDate "2007.06.12"]
[EventType "swiss"]
[EventRounds "9"]
[EventCountry "GER"]
[SourceTitle "EXT 2008"]
[Source "ChessBase"]
[SourceDate "2007.11.25"]
[SourceVersion "1"]
[SourceVersionDate "2007.11.25"]
[SourceQuality "1"]

1. d4 d5 2. Nf3 Nf6 3. Bf4 e6 4. Nbd2 Nbd7 5. Rc1 b6 6. e3 Bb7 7. Bd3 Be7 8. h3 Rc8 9. 0-0 0-0 10. c3 c5 11. Bb1 Re8 12. Qc2 Nf8 13. Qa4 a6 14. Ne5 b5 15. Qd1 cxd4 16. exd4 N8d7 17. Ndf3 h6 18. Qd3 Ne4 19. Nd2 Ndf6 20. Rcd1 Nxd2 21. Rxd2 Bf8 22. g4 g5 23. Bg3 Qe7 24. f4 Bg7 25. fxg5 hxg5 26. Rdf2 Rf8 27. h4 Ne4 28. Rxf7 Rxf7 29. Rxf7 1-0

[Event "Baden-ch Seniors"]
[Site "Oberwinden"]
[Date "2007.04.13"]
[Round "8"]
[White "Bungter, Hans"]
[Black "Edling, Karlheinz"]
[Result "0-1"]
[WhiteElo "1844"]
[BlackElo "1853"]
[PlyCount "102"]
[EventDate "2007.04.06"]
[EventType "swiss"]
[EventRounds "9"]
[EventCountry "GER"]
[SourceTitle "CBM 117 Extra"]
[Source "ChessBase"]
[SourceDate "2007.05.09"]
[SourceVersion "1"]
[SourceVersionDate "2007.05.09"]
[SourceQuality "1"]

1. Nf3 c6 2. d4 d5 3. e3 Nf6 4. Be2 Bf5 5. 0-0 Nbd7 6. Nbd2 e6 7. c4 Bd6 8. c5 Bc7 9. b4 a6 10. a4 0-0 11. Bb2 Qe7 12. Rc1 Rae8 13. Qb3 Ne4 14. Bd3 Ndf6 15. Bxe4 dxe4 16. Ne5 Nd5 17. f3 exf3 18. Nexf3 Nf6 19. Qc4 Ne4 20. Qe2 Bb8 21. Nxe4 Bxe4 22. Nd2 Bg6 23. e4 Qh4 24. g3 Qg5 25. e5 Bh5 26. Qf2 f5 27. Qf4 Qe7 28. Nf3 h6 29. h4 Bc7 30. Rc2 Bd8 31. Bc1 Qd7 32. Qd2 Qd5 33. Qe3 Qe4 34. Qxe4 fxe4 35. Nh2 Rxf1+ 36. Nxf1 Bd1 37. Ra2 Rf8 38. a5 Rf3 39. Be3 g5 40. hxg5 hxg5 41. Kg2 g4 42. Rf2 Kg7 43. Rxf3 gxf3+ 44. Kf2 Kg6 45. Bf4 Be2 46. Nd2 Bd3 47. Nb3 Kf5 48. Nd2 Bg5 49. Bxg5 Kxg5 50. Nf1 Bxf1 51. Kxf1 e3 0-1

[Event "Baden-ch Seniors"]
[Site "Oberwinden"]
[Date "2007.04.10"]
[Round "5"]
[White "Bungter, Hans"]
[Black "Mueller, Rudolf"]
[Result "0-1"]
[WhiteElo "1844"]
[BlackElo "2209"]
[PlyCount "40"]
[EventDate "2007.04.06"]
[EventType "swiss"]
[EventRounds "9"]
[EventCountry "GER"]
[SourceTitle "CBM 117 Extra"]
[Source "ChessBase"]
[SourceDate "2007.05.09"]
[SourceVersion "1"]
[SourceVersionDate "2007.05.09"]
[SourceQuality "1"]

1. Nf3 Nf6 2. c4 e6 3. Nc3 b6 4. g3 Bb7 5. Bg2 c5 6. 0-0 d5 7. cxd5 exd5 8. d4 c4 9. e4 Nxe4 10. Nxe4 dxe4 11. Ng5 Be7 12. Qa4+ Bc6 13. Qxc4 Bxg5 14. Re1 0-0 15. Bxe4 Bxe4 16. Rxe4 Bxc1 17. Rxc1 Nd7 18. Rce1 Nf6 19. Re7 Qd5 20. Qa4 b5 0-1